000 00905nam a2200253Ia 4500
003 OSt
005 20221005113430.0
006 a|||||r|||| 00| 0
007 ta
008 221004b |||||||| |||| 00| 0 pan d
020 _a9789382852315 (hbk)
_c325
024 _a17642
037 _b928, 27/03/2015, H.K. Prakashan
_cTextual
040 _aCRL
_cCRL
_bpan
041 _2pan
_apan
082 _aO153,3v, Q3
100 _aਅਕਾਲ ਅੰਮ੍ਰਿਤ ਕੌਰ
245 0 _aਪਰਵਾਸੀ ਪੰਜਾਬੀ ਨਾਵਲ ਦਾ ਇਤਿਹਾਸ
260 _aਲੁਧਿਆਣਾ
_bਚੇਤਨਾ ਪ੍ਰਕਾFਨ ਭਾਰਤ
_c2013
300 _a212ਪੰ
_ccm.
650 _aਪੰਜਾਬੀ ਸਾਹਿਤ
942 _hO153,3v, Q3
_cTEXL
_2cc
999 _c1028154
_d1028154